000 00461nam a22001817a 4500
003 MPLRDC
005 20220104143046.0
008 210129b ||||| |||| 00| 0 eng d
020 _a7-80675-244-7
082 _a592.92 LTY
100 _a李亭雨 编著
245 _a影响中国的100次战争
_c
250 _a一版一刷
260 _a中国
_b内蒙古文化出版社
_c2005
300 _b262
650 _a中国战争史
942 _cBK
_o592.92 LTY
999 _c36225
_d36215